Kabale University Library Catalogue

Political change in the metropolis / (Record no. 6027)

MARC details
000 -LEADER
fixed length control field 01505cam a22004094a 4500
001 - CONTROL NUMBER
control field 4048742
003 - CONTROL NUMBER IDENTIFIER
control field OSt
005 - DATE AND TIME OF LATEST TRANSACTION
control field 20260205121636.0
008 - FIXED-LENGTH DATA ELEMENTS--GENERAL INFORMATION
fixed length control field 990322s2000 nyuab b 001 0 eng
010 ## - LIBRARY OF CONGRESS CONTROL NUMBER
LC control number 99026210
020 ## - INTERNATIONAL STANDARD BOOK NUMBER
International Standard Book Number 0321011058
020 ## - INTERNATIONAL STANDARD BOOK NUMBER
International Standard Book Number 9780321011053
035 ## - SYSTEM CONTROL NUMBER
System control number 4048742
040 ## - CATALOGING SOURCE
Original cataloging agency DLC
Transcribing agency KABLIB
Modifying agency KABLIB
042 ## - AUTHENTICATION CODE
Authentication code pcc
043 ## - GEOGRAPHIC AREA CODE
Geographic area code n-us---
050 00 - LIBRARY OF CONGRESS CALL NUMBER
Classification number JS422
Item number .H33 2000
082 00 - DEWEY DECIMAL CLASSIFICATION NUMBER
Classification number 352.14
Edition number 23
Item number HAR
100 1# - MAIN ENTRY--PERSONAL NAME
Personal name Harrigan, John J.
9 (RLIN) 15230
245 10 - TITLE STATEMENT
Title Political change in the metropolis /
Statement of responsibility, etc. John J. Harrigan, Ronald K. Vogel.
250 ## - EDITION STATEMENT
Edition statement 6th ed.
260 ## - PUBLICATION, DISTRIBUTION, ETC.
Place of publication, distribution, etc. New York :
Name of publisher, distributor, etc. Longman,
Date of publication, distribution, etc. c2000.
300 ## - PHYSICAL DESCRIPTION
Extent xv, 489 p. :
Other physical details ill., (Col) ;
Dimensions 24 cm.
336 ## - CONTENT TYPE
Content type term text
Content type code txt
Source rdacontent
337 ## - MEDIA TYPE
Media type term unmediated
Media type code n
Source rdamedia
338 ## - CARRIER TYPE
Carrier type term volume
Carrier type code nc
Source rdacarrier
504 ## - BIBLIOGRAPHY, ETC. NOTE
Bibliography, etc. note Includes bibliographical references and index.
650 #0 - SUBJECT ADDED ENTRY--TOPICAL TERM
Topical term or geographic name entry element Metropolitan government
Geographic subdivision United States.
9 (RLIN) 15231
650 #0 - SUBJECT ADDED ENTRY--TOPICAL TERM
Topical term or geographic name entry element Municipal government
Geographic subdivision United States.
9 (RLIN) 15232
650 #0 - SUBJECT ADDED ENTRY--TOPICAL TERM
Topical term or geographic name entry element Metropolitan areas
Geographic subdivision United States.
9 (RLIN) 15233
650 #0 - SUBJECT ADDED ENTRY--TOPICAL TERM
Topical term or geographic name entry element Urban policy
Geographic subdivision United States.
9 (RLIN) 15234
700 1# - ADDED ENTRY--PERSONAL NAME
Personal name Vogel, Ronald K.
9 (RLIN) 15235
906 ## - LOCAL DATA ELEMENT F, LDF (RLIN)
a 7
b cbc
c orignew
d 1
e ocip
f 19
g y-gencatlg
942 ## - ADDED ENTRY ELEMENTS (KOHA)
Source of classification or shelving scheme Dewey Decimal Classification
Koha item type Book
Holdings
Withdrawn status Lost status Source of classification or shelving scheme Damaged status Not for loan Home library Current library Date acquired Total Checkouts Full call number Barcode Date last seen Price effective from Koha item type
    Dewey Decimal Classification     Mukombe Library Mukombe Library 05.02.2026   352.14 HAR 14509 05.02.2026 05.02.2026 Book

Kabale University Library | Kabale University P.O Box 317, Kabale, Uganda
Tel : +256754017033, +256774661503 E-mail : library@kab.ac.ug